| 000 | 00933nmc a2200325 a 4500 | ||
|---|---|---|---|
| 003 | AR-BaBNM | ||
| 005 | 20251128203033.0 | ||
| 008 | 196119s1959 ||||||||||||||000 | spa|| | ||
| 040 | _cAR-BaBNM | ||
| 100 | 1 | _aJeangros, Erwin | |
| 245 | 1 | 0 | _aOrientación vocacional y profesional |
| 260 |
_aBuenos Aires _bKapelusz _c1959 |
||
| 300 | 0 | _a167 p. | |
| 490 | 0 | _aBiblioteca de cultura pedagógica | |
| 504 | _aBibliografía: p. 165-167 | ||
| 650 | 4 | _aORIENTACION PEDAGOGICA | |
| 650 | 4 | _aORIENTACION PROFESIONAL | |
| 650 | 4 | _aPRUEBAS DE APTITUD | |
| 650 | 4 | _aPRUEBAS DE DIAGNOSTICO | |
| 650 | 4 | _aPRUEBAS ESCOLARES | |
| 650 | 4 | _aAPTITUD PROFESIONAL | |
| 650 | 4 | _aPSICOLOGIA DE LA EDUCACION | |
| 650 | 4 | _aDIAGNOSTICO EDUCACIONAL | |
| 650 | 4 | _aENTREVISTAS | |
| 650 | 4 | _aREGISTROS DE ALUMNOS | |
| 653 | 0 | _aORIENTACION VOCACIONAL | |
| 700 | 1 |
_aMargrett, María Ruth R. de _etraductor |
|
| 942 | _cBK | ||
| 998 | _csilvi | ||
| 999 |
_c1611 _d1611 |
||